[Event "3MCRV_F"]
[Site "?"]
[Date "2003.??.??"]
[Round "?"]
[White "Priesol, Daniel"]
[Black "Kuchta, Jiri"]
[Result "1/2-1/2"]
[WhiteElo "2304"]
[BlackElo "2299"]
[PlyCount "63"]
[EventDate "2003.??.??"]
[EventType "corr"]

1. e4 c5 2. Nf3 Nc6 3. d4 cxd4 4. Nxd4 Nf6 5. Nc3 e5 6. Ndb5 d6 7. Bg5 a6 8.
Na3 b5 9. Bxf6 gxf6 10. Nd5 f5 11. Bd3 Be6 12. O-O Bg7 13. Qh5 h6 14. c3 O-O
15. Nc2 Qg5 16. Qxg5 hxg5 17. Nce3 fxe4 18. Bxe4 Ra7 19. Nf5 Bxf5 20. Bxf5 b4
21. Rfd1 a5 22. Rac1 Rd8 23. Be4 Kf8 24. Ne3 Ne7 25. Rd3 d5 26. Nxd5 Nxd5 27.
c4 Nc3 28. Rxd8+ Ke7 29. bxc3 Kxd8 30. c5 Bf8 31. c6 Kc7 32. Kf1 1/2-1/2

[Event "3MCRV_F"]
[Site "?"]
[Date "2003.??.??"]
[Round "?"]
[White "Nevole, Milan"]
[Black "Kuchtova, Ruzena"]
[Result "1-0"]
[WhiteElo "2238"]
[BlackElo "2214"]
[PlyCount "71"]
[EventDate "2003.??.??"]
[EventType "corr"]

1. d4 d5 2. c4 c6 3. Nc3 Nf6 4. e3 e6 5. Nf3 Nbd7 6. Qd2 Bd6 7. Be2 O-O 8. O-O
Re8 9. Rd1 Qe7 10. b3 dxc4 11. Bxc4 a6 12. a4 a5 13. Ne2 Nd5 14. e4 N5b6 15.
Qc3 Nf6 16. Bg5 Qf8 17. Nd2 e5 18. Bxf6 gxf6 19. Nf3 exd4 20. Rxd4 Bc7 21. Rad1
Qg7 22. Ng3 Qg6 23. Nh4 Qg5 24. Ngf5 Bxf5 25. Nxf5 Be5 26. Bxf7+ Kxf7 27. Rd7+
Kf8 28. Qc4 Nd5 29. Qc5+ Kg8 30. Rg7+ Qxg7 31. Nxg7 Kxg7 32. exd5 cxd5 33. Qxd5
Re7 34. g3 Bc3 35. Qf3 Bb4 36. Rd7 1-0

[Event "3MCRV_F"]
[Site "?"]
[Date "2003.??.??"]
[Round "?"]
[White "Kuchta, Jiri"]
[Black "Skalicky, Frantisek"]
[Result "1-0"]
[WhiteElo "2299"]
[BlackElo "2306"]
[PlyCount "63"]
[EventDate "2003.??.??"]
[EventType "corr"]

1. Nf3 d5 2. d4 Nf6 3. Bf4 e6 4. e3 c5 5. dxc5 Bxc5 6. Nbd2 O-O 7. Be2 Re8 8.
O-O Nc6 9. Nb3 Bd6 10. Bxd6 Qxd6 11. c4 Rd8 12. cxd5 Nxd5 13. Qc2 Qe7 14. a3 e5
15. Rfd1 Bg4 16. h3 Bh5 17. Qc5 Qe6 18. Qc4 Nce7 19. Nc5 Qc8 20. g4 b6 21. Na6
e4 22. Qxe4 Bg6 23. Qd4 Nf6 24. Qxd8+ Qxd8 25. Rxd8+ Rxd8 26. Rc1 Kf8 27. Nc7
h6 28. Nd4 Be4 29. f3 Bb7 30. Nce6+ fxe6 31. Nxe6+ Ke8 32. Bb5+ 1-0

[Event "3MCRV_F"]
[Site "?"]
[Date "2003.??.??"]
[Round "?"]
[White "Lounek, Jan"]
[Black "Kuchta, Jiri"]
[Result "1/2-1/2"]
[WhiteElo "2337"]
[BlackElo "2299"]
[PlyCount "70"]
[EventDate "2003.??.??"]
[EventType "corr"]

1. e4 c5 2. Nf3 Nc6 3. d4 cxd4 4. Nxd4 Nf6 5. Nc3 e5 6. Ndb5 d6 7. Bg5 a6 8.
Na3 b5 9. Bxf6 gxf6 10. Nd5 f5 11. Bd3 Be6 12. O-O Bg7 13. Qh5 h6 14. c3 O-O
15. Nc2 Qg5 16. Qxg5 hxg5 17. Rfd1 Rac8 18. Ndb4 Nxb4 19. Nxb4 fxe4 20. Bxe4
Rfd8 21. Bb7 Rd7 22. Bxa6 Rb8 23. Rd2 Bf8 24. a4 bxa4 25. Rxa4 Bb3 26. Ra1 Ra8
27. Re1 d5 28. Bf1 Bxb4 29. cxb4 Ra4 30. g3 f6 31. f4 exf4 32. gxf4 Rxb4 33.
fxg5 fxg5 34. Rg2 Rg7 35. Re5 g4 1/2-1/2

[Event "3MCRV_F"]
[Site "?"]
[Date "2003.??.??"]
[Round "?"]
[White "Pecka, Josef"]
[Black "Kuchtova, Ruzena"]
[Result "1-0"]
[WhiteElo "2281"]
[BlackElo "2214"]
[PlyCount "69"]
[EventDate "2003.??.??"]
[EventType "corr"]

1. e4 c5 2. Nf3 Nc6 3. d4 cxd4 4. Nxd4 Nf6 5. Nc3 e5 6. Ndb5 d6 7. Nd5 Nxd5 8.
exd5 Nb8 9. Qf3 a6 10. Qa3 b6 11. c4 Bb7 12. Nc3 Be7 13. Qa4+ Nd7 14. Bd3 O-O
15. Qc2 Nf6 16. O-O b5 17. cxb5 axb5 18. Qb3 Qd7 19. Bxb5 Qf5 20. a4 Rfb8 21.
Qd1 Bd8 22. b4 Bxd5 23. Nxd5 Rxb5 24. Nxf6+ Bxf6 25. axb5 Rxa1 26. Qxd6 Qc8 27.
Qc6 Ra8 28. Be3 Be7 29. Bb6 Bxb4 30. Bc7 Be7 31. b6 Rb8 32. Ra1 h6 33. h3 Bd8
34. Ra7 f6 35. g4 1-0

[Event "3MCRV_F"]
[Site "?"]
[Date "2003.??.??"]
[Round "?"]
[White "Pecka, Josef"]
[Black "Pytlik, Lesek"]
[Result "0-1"]
[WhiteElo "2281"]
[BlackElo "2316"]
[PlyCount "94"]
[EventDate "2003.??.??"]
[EventType "corr"]

1. e4 e6 2. d4 d5 3. Nc3 Bb4 4. e5 c5 5. a3 Ba5 6. b4 cxd4 7. Qg4 Ne7 8. bxa5
dxc3 9. Qxg7 Rg8 10. Qxh7 Nbc6 11. f4 Qxa5 12. Nf3 Bd7 13. Ng5 O-O-O 14. Nxf7
Nf5 15. Nxd8 Qxd8 16. Qh3 Ncd4 17. Ra2 Bc6 18. a4 Nh4 19. Qxc3 Ndf5 20. Qh3 d4
21. c4 Qa5+ 22. Bd2 Qb6 23. Qd3 Nxg2+ 24. Bxg2 Rxg2 25. Rf1 Qd8 26. Qh3 d3 27.
Kd1 Rg8 28. Qh7 Qe8 29. Qh3 Bg2 30. Qxd3 Bxf1 31. Qxf1 Qh5+ 32. Kc2 Qxh2 33.
Qb1 b6 34. a5 Rg3 35. Qb4 Nd4+ 36. Kc1 Nb3+ 37. Kb1 Rg1+ 38. Kb2 Qxd2+ 39. Qxd2
Nxd2 40. axb6 axb6 41. Ra8+ Kd7 42. Kc3 Ne4+ 43. Kd3 Nc5+ 44. Kd2 Rg2+ 45. Ke3
Rg3+ 46. Kd2 Rd3+ 47. Ke2 Rd4 0-1

[Event "3MCRV_F"]
[Site "?"]
[Date "2003.??.??"]
[Round "?"]
[White "Kuchtova, Ruzena"]
[Black "Skalicky, Frantisek"]
[Result "0-1"]
[WhiteElo "2214"]
[BlackElo "2306"]
[PlyCount "58"]
[EventDate "2003.??.??"]
[EventType "corr"]

1. c4 e5 2. Nc3 Nf6 3. Nf3 Nc6 4. g3 d5 5. cxd5 Nxd5 6. d3 Be7 7. Nxd5 Qxd5 8.
Bg2 Be6 9. O-O Qd7 10. Bg5 f6 11. Bd2 O-O 12. Qc2 Rad8 13. Bc3 Nd4 14. Nxd4
exd4 15. Bd2 c6 16. a3 f5 17. Rac1 Bf6 18. Rfe1 Qf7 19. Qc5 a6 20. Bf4 Rfe8 21.
a4 Bd5 22. Bxd5 Rxd5 23. Qc4 g5 24. Bc7 Bg7 25. Bb6 f4 26. b4 Qe6 27. Qb3 Qh3
28. Qd1 g4 29. Rc5 Re6 0-1

[Event "3MCRV_F"]
[Site "?"]
[Date "2003.??.??"]
[Round "?"]
[White "Pytlik, Lesek"]
[Black "Schwarz, Jan"]
[Result "0-1"]
[WhiteElo "2316"]
[BlackElo "2292"]
[PlyCount "100"]
[EventDate "2003.??.??"]
[EventType "corr"]

1. e4 e5 2. Nf3 Nc6 3. d4 exd4 4. Nxd4 Bc5 5. Be3 Qf6 6. c3 Nge7 7. Bc4 Ne5 8.
Be2 h5 9. Nd2 d6 10. O-O a6 11. N2f3 Nxf3+ 12. Bxf3 h4 13. h3 O-O 14. Re1 Ng6
15. b3 Re8 16. Qd2 Re5 17. Be2 Bd7 18. b4 Ba7 19. a4 Bc6 20. Bxa6 Bxe4 21. Bf1
Rae8 22. a5 c5 23. Nb5 Bb8 24. a6 bxa6 25. Rxa6 Rd5 26. Qc1 Qe7 27. c4 Re5 28.
Qd2 cxb4 29. Qxb4 Bxg2 30. Bxg2 Nf4 31. Raa1 Nxg2 32. Kxg2 Qb7+ 33. Kg1 Qf3 34.
Bd2 Qxh3 35. Rxe5 dxe5 36. Qc3 Qg4+ 37. Kh1 e4 38. Qe3 Rd8 39. Ra3 f6 40. c5
Rd5 41. f4 exf3 42. Qxf3 Qxf3+ 43. Rxf3 Rxd2 44. c6 Rc2 45. Rc3 Rxc3 46. Nxc3
g5 47. Nd5 Kf7 48. c7 Bxc7 49. Nxc7 f5 50. Kg2 Kg6 0-1

[Event "3MCRV_F"]
[Site "?"]
[Date "2003.??.??"]
[Round "?"]
[White "Brousek, Jiri"]
[Black "Nevole, Milan"]
[Result "1-0"]
[WhiteElo "2361"]
[BlackElo "2238"]
[PlyCount "73"]
[EventDate "2003.??.??"]
[EventType "corr"]

1. d4 Nf6 2. Nf3 e6 3. Bg5 Be7 4. e3 O-O 5. Bd3 d6 6. O-O c5 7. c3 Nbd7 8. Nbd2
d5 9. Ne5 Nxe5 10. dxe5 Nd7 11. Bxe7 Qxe7 12. f4 c4 13. Bc2 f5 14. exf6 Nxf6
15. e4 g6 16. e5 Nh5 17. g3 b5 18. Nf3 a5 19. Nd4 b4 20. Qf3 Ng7 21. g4 Bd7 22.
Rf2 bxc3 23. bxc3 Rab8 24. f5 gxf5 25. gxf5 Nxf5 26. Bxf5 Kh8 27. Qe3 exf5 28.
e6 Ba4 29. Nxf5 Qf6 30. Raf1 Rfe8 31. Nd4 Rg8+ 32. Kh1 Qg7 33. Nf5 d4 34. Qe4
Qb7 35. Qxb7 Rxb7 36. Nxd4 Be8 37. Re1 1-0

[Event "3MCRV_F"]
[Site "?"]
[Date "2003.??.??"]
[Round "?"]
[White "Kostal, Jindrich"]
[Black "Kuta, Jiri"]
[Result "1/2-1/2"]
[WhiteElo "2364"]
[BlackElo "2326"]
[PlyCount "79"]
[EventDate "2003.??.??"]
[EventType "corr"]

1. e4 c5 2. Nf3 Nc6 3. d4 cxd4 4. Nxd4 Nf6 5. Nc3 e5 6. Ndb5 d6 7. Bg5 a6 8.
Na3 b5 9. Nd5 Be7 10. Bxf6 Bxf6 11. c3 Ne7 12. Nxf6+ gxf6 13. Nc2 Bb7 14. Bd3
d5 15. exd5 Qxd5 16. Ne3 Qe6 17. a4 Rd8 18. Qc2 e4 19. Be2 f5 20. axb5 f4 21.
bxa6 Bc6 22. Bc4 Qg6 23. O-O fxe3 24. fxe3 O-O 25. b4 Bd5 26. Bb5 Qb6 27. c4
Ba8 28. Qf2 Rd3 29. h4 f5 30. Ra5 Qxe3 31. Qxe3 Rxe3 32. Bd7 Rb3 33. Re5 Ng6
34. Rexf5 Rxf5 35. Rxf5 Rb1+ 36. Kf2 Rb2+ 37. Ke3 Rb3+ 38. Ke2 Rb2+ 39. Ke3
Rb3+ 40. Ke2 1/2-1/2

[Event "3MCRV_F"]
[Site "?"]
[Date "2003.??.??"]
[Round "?"]
[White "Brousek, Jiri"]
[Black "Priesol, Daniel"]
[Result "1/2-1/2"]
[WhiteElo "2361"]
[BlackElo "2304"]
[PlyCount "77"]
[EventDate "2003.??.??"]
[EventType "corr"]

1. d4 Nf6 2. Nf3 e6 3. Bg5 c5 4. e3 h6 5. Bf4 Qb6 6. Nc3 a6 7. Rb1 d5 8. Be2
Bd7 9. O-O Be7 10. Ne5 cxd4 11. exd4 Nc6 12. Nxc6 Bxc6 13. Qd3 Nd7 14. b4 O-O
15. a4 Nf6 16. a5 Qd8 17. Qg3 Ne8 18. Bd3 Bd6 19. Be5 Qe7 20. Bxd6 Nxd6 21. Qe5
Rfd8 22. Rfe1 Kf8 23. f4 Rac8 24. f5 Re8 25. Qg3 Qd7 26. f6 gxf6 27. Qf4 Ke7
28. Qh4 Rh8 29. Rf1 Ne8 30. Rf3 Kd8 31. b5 axb5 32. Nxb5 Ra8 33. Qe1 Qe7 34.
Re3 Rg8 35. Kh1 Rg5 36. Rh3 Qf8 37. Bf1 f5 38. Rhb3 Qe7 39. Bd3 1/2-1/2

[Event "3MCRV_F"]
[Site "?"]
[Date "2003.??.??"]
[Round "?"]
[White "Hladecek, Miloslav"]
[Black "Juhasz, Jozef"]
[Result "1-0"]
[WhiteElo "2275"]
[BlackElo "2188"]
[PlyCount "65"]
[EventDate "2003.??.??"]
[EventType "corr"]

1. e4 e5 2. Nf3 Nc6 3. Bc4 Bc5 4. d3 Nf6 5. O-O d6 6. c3 O-O 7. b4 Bb6 8. a4 a6
9. a5 Ba7 10. Qe2 Bd7 11. Bg5 h6 12. Be3 Bg4 13. Nbd2 Bh5 14. Bxa7 Nxa7 15. Qe3
Ng4 16. Qe1 Re8 17. Bb3 Nf6 18. Qe3 Nc6 19. Ba4 Qd7 20. Nh4 d5 21. f3 Rab8 22.
g4 Bg6 23. Nxg6 fxg6 24. g5 d4 25. cxd4 exd4 26. Qf4 Nh5 27. Qg4 Qd6 28. f4
Qxb4 29. Nf3 Qd6 30. Nh4 Nxf4 31. gxh6 Rf8 32. Bb3+ Kh7 33. hxg7 1-0

[Event "3MCRV_F"]
[Site "?"]
[Date "2003.??.??"]
[Round "?"]
[White "Kuchta, Jiri"]
[Black "Sykora, Josef"]
[Result "1/2-1/2"]
[WhiteElo "2299"]
[BlackElo "2365"]
[PlyCount "87"]
[EventDate "2003.??.??"]
[EventType "corr"]

1. Nf3 Nf6 2. d4 g6 3. g3 Bg7 4. Bg2 O-O 5. O-O d6 6. c4 Nc6 7. Nc3 a6 8. h3
Rb8 9. e4 b5 10. Re1 bxc4 11. Bf1 d5 12. exd5 Nxd5 13. Bxc4 Nb6 14. Bf1 Nxd4
15. Nxd4 Bxd4 16. Bg5 Re8 17. Be3 Bg7 18. Rc1 Qxd1 19. Rexd1 Bb7 20. b4 Red8
21. Rxd8+ Rxd8 22. a4 Bxc3 23. Rxc3 Nd5 24. Rd3 e5 25. a5 c6 26. f4 f6 27. Kf2
Kg7 28. Bb6 Rd7 29. Bc5 h5 30. fxe5 fxe5 31. Ke1 Rd8 32. Rd2 Re8 33. h4 Bc8 34.
Bc4 g5 35. hxg5 Kg6 36. Bxd5 cxd5 37. Rxd5 Kxg5 38. Bf2 Kf5 39. b5 axb5 40.
Rxb5 Ba6 41. Rb6 Re6 42. Be3 Rxb6 43. axb6 Ke4 44. Kf2 1/2-1/2

[Event "3MCRV_F"]
[Site "?"]
[Date "2003.??.??"]
[Round "?"]
[White "Schwarz, Jan"]
[Black "Sykora, Josef"]
[Result "0-1"]
[WhiteElo "2292"]
[BlackElo "2365"]
[PlyCount "125"]
[EventDate "2003.??.??"]
[EventType "corr"]

1. e4 c6 2. d4 d5 3. Nd2 dxe4 4. Nxe4 Nd7 5. Bd3 Ngf6 6. Ng5 e6 7. N1f3 Bd6 8.
Qe2 h6 9. Ne4 Nxe4 10. Qxe4 c5 11. Bd2 Qc7 12. Qe2 a6 13. Bc3 O-O 14. O-O Rb8
15. a4 cxd4 16. Qe4 Nf6 17. Qxd4 b6 18. Rfe1 Bb7 19. Qh4 Qd8 20. Bxf6 Qxf6 21.
Qxf6 gxf6 22. Be4 Rfd8 23. Bxb7 Rxb7 24. Kf1 Rc8 25. c3 Be7 26. Ke2 b5 27. axb5
axb5 28. Rec1 f5 29. Ne1 Bg5 30. Rc2 Kg7 31. g3 Rc4 32. f3 Bf6 33. Nd3 Be7 34.
Rcc1 h5 35. Ne5 Rc8 36. f4 Rbc7 37. Nd3 Kf6 38. Ne5 h4 39. gxh4 Bd6 40. Ra5 Rb7
41. Nd3 Rh8 42. Kf3 Rxh4 43. Kg3 Rh8 44. h4 b4 45. Ra6 Rd8 46. Ra4 bxc3 47.
Rxc3 Rg8+ 48. Kh3 Rbb8 49. Rac4 Rg4 50. Ne5 Bxe5 51. fxe5+ Kxe5 52. Rxg4 fxg4+
53. Kxg4 f5+ 54. Kf3 Rxb2 55. Rc5+ Kf6 56. Rc3 Rb6 57. Rc8 Rb3+ 58. Kf2 f4 59.
Rg8 e5 60. h5 Rb2+ 61. Kg1 Rb7 62. Kf2 Rh7 63. Rf8+ 0-1

[Event "3MCRV_F"]
[Site "?"]
[Date "2003.??.??"]
[Round "?"]
[White "Svoboda, Frantisek"]
[Black "Hladecek, Miloslav"]
[Result "0-1"]
[WhiteElo "2398"]
[BlackElo "2275"]
[PlyCount "64"]
[EventDate "2003.??.??"]
[EventType "corr"]

1. c4 e6 2. Nc3 d5 3. Nf3 d4 4. Nb1 Nc6 5. d3 e5 6. g3 f5 7. Bg2 Bb4+ 8. Nfd2
Nf6 9. O-O Be7 10. Na3 O-O 11. Nc2 a5 12. a3 Bc5 13. Re1 Qe8 14. f4 Ng4 15. b4
axb4 16. Nb3 Bd6 17. c5 Be7 18. Nxb4 Nxb4 19. axb4 Rxa1 20. Nxa1 exf4 21. Bxf4
g5 22. Bd2 f4 23. Qb3+ Kh8 24. gxf4 Qh5 25. h3 Ne3 26. Bxe3 dxe3 27. Nc2 Bxh3
28. Nxe3 Bf6 29. Qc4 Rd8 30. Bxh3 Qxh3 31. Nd5 Bg7 32. Qe4 c6 0-1

[Event "3MCRV_F"]
[Site "?"]
[Date "2003.??.??"]
[Round "?"]
[White "Kostal, Jindrich"]
[Black "Schwarz, Jan"]
[Result "1-0"]
[WhiteElo "2364"]
[BlackElo "2292"]
[PlyCount "86"]
[EventDate "2003.??.??"]
[EventType "corr"]

1. e4 e5 2. Nf3 Nf6 3. Nxe5 d6 4. Nf3 Nxe4 5. d4 d5 6. Bd3 Nc6 7. O-O Be7 8. c4
O-O 9. cxd5 Qxd5 10. Nc3 Nxc3 11. bxc3 Bg4 12. Re1 Bxf3 13. Qxf3 Qxf3 14. gxf3
Bd6 15. Be3 Ne7 16. c4 c6 17. Rab1 b6 18. f4 f5 19. h4 Rfd8 20. h5 Rd7 21. Bc2
Rad8 22. Kg2 Kf7 23. Ba4 Rb7 24. Kf3 Bc7 25. Rbd1 b5 26. d5 cxd5 27. Bxb5 Bb6
28. a4 d4 29. Bc1 Ba5 30. Re5 Bb4 31. Rd3 Rb6 32. c5 Rf6 33. Rb3 a5 34. Rd3 Bc3
35. Ba3 Nc6 36. Bxc6 Rxc6 37. Rxf5+ Ke7 38. Ke4 Ke6 39. Re5+ Kf7 40. f5 Rh6 41.
Rd5 Rxd5 42. Kxd5 Rxh5 43. Kd6 Rxf5 1-0

[Event "3MCRV_F"]
[Site "?"]
[Date "2003.??.??"]
[Round "?"]
[White "Juhasz, Jozef"]
[Black "Priesol, Daniel"]
[Result "1/2-1/2"]
[WhiteElo "2188"]
[BlackElo "2304"]
[PlyCount "68"]
[EventDate "2003.??.??"]
[EventType "corr"]

1. e4 c5 2. Nf3 d6 3. d4 cxd4 4. Nxd4 Nf6 5. Nc3 a6 6. Be3 e5 7. Nf3 Be7 8. Bc4
O-O 9. O-O Be6 10. Qd3 Nc6 11. a3 b5 12. Ba2 Na5 13. Bc1 Qd7 14. Ng5 Bxa2 15.
Rxa2 Rac8 16. Rd1 Nb7 17. Nf3 Nc5 18. Qe2 h6 19. b4 Ne6 20. Nd5 Nxd5 21. exd5
Nc7 22. a4 bxa4 23. c4 f5 24. Ra3 Rb8 25. Bd2 Bf6 26. Bc3 Rfc8 27. Qa2 Na8 28.
c5 e4 29. Bxf6 exf3 30. Ba1 Rxb4 31. c6 Qf7 32. Rxf3 f4 33. Bc3 Re4 34. Qa3 Rd8
1/2-1/2

[Event "3MCRV_F"]
[Site "?"]
[Date "2003.??.??"]
[Round "?"]
[White "Lounek, Jan"]
[Black "Kuta, Jiri"]
[Result "1-0"]
[WhiteElo "2337"]
[BlackElo "2326"]
[PlyCount "97"]
[EventDate "2003.??.??"]
[EventType "corr"]

1. e4 c5 2. Nf3 Nc6 3. d4 cxd4 4. Nxd4 Nf6 5. Nc3 e5 6. Ndb5 d6 7. Bg5 a6 8.
Na3 b5 9. Bxf6 gxf6 10. Nd5 f5 11. Bd3 Be6 12. O-O Bxd5 13. exd5 Ne7 14. c3 Bg7
15. Qh5 Qc8 16. Rad1 e4 17. Bb1 O-O 18. Nc2 Re8 19. Nd4 Ra7 20. a3 Qc4 21. Nxf5
Nxf5 22. Qxf5 Re5 23. Qh3 Rae7 24. a4 f5 25. axb5 axb5 26. Rd4 Qe2 27. Qe3 Qxb2
28. Rb4 f4 29. Qe1 Qa1 30. Bxe4 Qxe1 31. Rxe1 Kh8 32. Rxb5 f3 33. h4 Bf6 34.
gxf3 Rh5 35. c4 Bd4 36. Rb8+ Kg7 37. Kg2 Rxh4 38. Kg3 Rh6 39. f4 Bc5 40. Rc8
Kf6 41. Rf8+ Kg7 42. Rf5 Bd4 43. Rg5+ Kf7 44. f3 Rb7 45. Re2 Rb4 46. Bf5 Bf6
47. Ra2 Rb7 48. Ra6 Rh1 49. Rxd6 1-0

[Event "3MCRV_F"]
[Site "?"]
[Date "2003.??.??"]
[Round "?"]
[White "Hladecek, Miloslav"]
[Black "Kuta, Jiri"]
[Result "1/2-1/2"]
[WhiteElo "2275"]
[BlackElo "2326"]
[PlyCount "90"]
[EventDate "2003.??.??"]
[EventType "corr"]

1. e4 c5 2. Nf3 Nc6 3. d4 cxd4 4. Nxd4 Nf6 5. Nc3 e5 6. Ndb5 d6 7. Bg5 a6 8.
Na3 b5 9. Bxf6 gxf6 10. Nd5 f5 11. Bd3 Be6 12. Qh5 Rg8 13. g3 Rc8 14. c3 h6 15.
Nc2 fxe4 16. Bxe4 Bg4 17. Qh4 Qxh4 18. gxh4 Be7 19. Rg1 Kf8 20. a4 Be6 21.
Rxg8+ Kxg8 22. Ncb4 Bxd5 23. Nxd5 Bxh4 24. Nb4 Rc7 25. axb5 axb5 26. Ra8+ Nd8
27. Nd5 Rc4 28. Bd3 Ra4 29. Rxa4 bxa4 30. Bb5 a3 31. bxa3 Bg5 32. a4 Nb7 33.
Ke2 f5 34. Ba6 Na5 35. f4 exf4 36. Bc8 Kf7 37. Bxf5 Nb7 38. Bd7 Nc5 39. Bb5 Ke6
40. Nc7+ Ke7 41. Kf3 Ne6 42. Nxe6 Kxe6 43. a5 Bd8 44. a6 Bb6 45. Kxf4 d5
1/2-1/2

[Event "3MCRV_F"]
[Site "?"]
[Date "2003.??.??"]
[Round "?"]
[White "Kuchtova, Ruzena"]
[Black "Kuta, Jiri"]
[Result "0-1"]
[WhiteElo "2214"]
[BlackElo "2326"]
[PlyCount "94"]
[EventDate "2003.??.??"]
[EventType "corr"]

1. c4 Nf6 2. d4 g6 3. Nc3 Bg7 4. e4 d6 5. Nf3 O-O 6. Be2 e5 7. dxe5 dxe5 8.
Qxd8 Rxd8 9. Bg5 Rf8 10. Nd5 Nxd5 11. cxd5 c6 12. Be7 Re8 13. d6 Nd7 14. Rd1
Bf6 15. Bxf6 Nxf6 16. h3 Be6 17. Nxe5 Bxa2 18. d7 Red8 19. O-O Nxe4 20. Bf3 Ng5
21. Rd6 Nxf3+ 22. Nxf3 a5 23. Re1 a4 24. Ne5 Be6 25. g4 Ra5 26. Rd4 Rd5 27.
Rxa4 Bxd7 28. Ra7 Bc8 29. Nc4 Be6 30. Na5 R8d7 31. f3 c5 32. Rxb7 Rxb7 33. Nxb7
c4 34. f4 Rb5 35. Nd6 Rxb2 36. Rc1 Rb3 37. f5 gxf5 38. gxf5 Bd5 39. Kh2 c3 40.
f6 h5 41. Kg3 c2+ 42. Kf4 Rf3+ 43. Ke5 Bb3 44. Nf5 Ba4 45. Ne7+ Kf8 46. Nd5 Rd3
47. Nb4 Rd1 0-1

[Event "3MCRV_F"]
[Site "?"]
[Date "2003.??.??"]
[Round "?"]
[White "Kuta, Jiri"]
[Black "Priesol, Daniel"]
[Result "1-0"]
[WhiteElo "2326"]
[BlackElo "2304"]
[PlyCount "69"]
[EventDate "2003.??.??"]
[EventType "corr"]

1. d4 Nf6 2. c4 e6 3. Nc3 Bb4 4. Qc2 O-O 5. a3 Bxc3+ 6. Qxc3 b6 7. Bg5 Bb7 8.
e3 d6 9. f3 Nbd7 10. Nh3 Rc8 11. Bd3 h6 12. Bh4 c5 13. O-O cxd4 14. Qxd4 Qe7
15. e4 e5 16. Qe3 Nc5 17. Rad1 Nxd3 18. Qxd3 Rfd8 19. Nf2 g5 20. Bg3 Qe6 21. b3
a6 22. Rd2 Rc6 23. Nd1 Rdc8 24. Ne3 b5 25. Rfd1 Ne8 26. Be1 a5 27. cxb5 Rc3 28.
Qe2 Rxb3 29. a4 Ra3 30. Nd5 g4 31. f4 Bxd5 32. exd5 Qf5 33. fxe5 Rxa4 34. b6
Rb4 35. Qa6 1-0

[Event "3MCRV_F"]
[Site "?"]
[Date "2003.??.??"]
[Round "?"]
[White "Juhasz, Jozef"]
[Black "Kostal, Jindrich"]
[Result "1/2-1/2"]
[WhiteElo "2188"]
[BlackElo "2364"]
[PlyCount "73"]
[EventDate "2003.??.??"]
[EventType "corr"]

1. e4 e5 2. Nf3 Nc6 3. Bc4 Bc5 4. d3 Nf6 5. c3 d6 6. O-O O-O 7. b4 Bb6 8. a4 a6
9. h3 a5 10. b5 Ne7 11. Re1 Ng6 12. Nbd2 c6 13. d4 Re8 14. Ba3 exd4 15. cxd4 d5
16. exd5 cxd5 17. Bd3 Nf4 18. Rxe8+ Qxe8 19. Qc2 Be6 20. Nb3 Qc8 21. Qd2 Nxd3
22. Qxd3 Bf5 23. Qe3 Qc2 24. Rc1 Re8 25. Ne5 Qa2 26. Ra1 Qc2 27. g4 Bc8 28. Qf3
Qe4 29. Rc1 Qxf3 30. Nxf3 h5 31. Bc5 Bc7 32. Ba7 Bf4 33. Re1 hxg4 34. Rxe8+
Nxe8 35. hxg4 Bxg4 36. Kg2 Bc8 37. Nxa5 1/2-1/2

[Event "3MCRV_F"]
[Site "?"]
[Date "2003.??.??"]
[Round "?"]
[White "Brousek, Jiri"]
[Black "Pytlik, Lesek"]
[Result "0-1"]
[WhiteElo "2361"]
[BlackElo "2316"]
[PlyCount "168"]
[EventDate "2003.??.??"]
[EventType "corr"]

1. d4 Nf6 2. Nf3 d5 3. e3 c5 4. dxc5 e6 5. b4 a5 6. c3 axb4 7. cxb4 b6 8. a4
bxc5 9. b5 Bd6 10. Be2 Ne4 11. Bb2 O-O 12. O-O Nd7 13. Nc3 Nef6 14. Nb1 Bb7 15.
Nbd2 Bc7 16. Qc2 c4 17. Rfd1 Ba5 18. Ne5 Nxe5 19. Bxe5 Nd7 20. Bb2 Qc7 21. Nf3
Nc5 22. Ng5 f5 23. Bd4 Rfe8 24. Ra2 Ne4 25. Nxe4 fxe4 26. Bc3 Rf8 27. Bg4 Bc8
28. Qb2 Rf7 29. Be5 Qe7 30. h3 Qd8 31. Rb1 Rb7 32. Qa3 Bd7 33. Raa1 h5 34. Be2
Be8 35. Qc5 Bb6 36. Qb4 Bg6 37. Rd1 Ba5 38. Qb2 Qe7 39. Bc3 Bc7 40. Kf1 Qf8 41.
Rd2 Kh7 42. a5 Qd6 43. Ke1 Be8 44. b6 Qh2 45. Bxg7 Qxg2 46. Bf6 Qg1+ 47. Bf1
Bg6 48. Qb5 Bg3 49. Qb2 Rf7 50. a6 Raf8 51. a7 c3 52. Qxc3 Rxf6 53. a8=Q Bxf2+
54. Kd1 Rxa8 55. Rxa8 Qxf1+ 56. Kc2 Be1 57. Qc7+ Rf7 58. Qc8 Kh6 59. Ra1 Rf2
60. Rxf2 Qxf2+ 61. Kb1 Qf1 62. Ka2 Qe2+ 63. Kb1 Bf7 64. Ra7 Qf1 65. Qa6 Qf3 66.
Qc8 Bg3 67. b7 Kg6 68. Qc1 d4 69. Ra3 d3 70. Ra8 h4 71. Qg1 Kh7 72. Qc1 Qf2 73.
b8=Q Bxb8 74. Rxb8 d2 75. Qd1 Qxe3 76. Rb7 Qf4 77. Kc2 e3 78. Qg4 Qf6 79. Qe4+
Kg7 80. Qxe3 Qf5+ 81. Kd1 Qf1+ 82. Kxd2 Qg2+ 83. Ke1 Qxb7 84. Qd4+ e5 0-1

[Event "3MCRV_F"]
[Site "?"]
[Date "2003.??.??"]
[Round "?"]
[White "Priesol, Daniel"]
[Black "Lounek, Jan"]
[Result "1/2-1/2"]
[WhiteElo "2304"]
[BlackElo "2337"]
[PlyCount "116"]
[EventDate "2003.??.??"]
[EventType "corr"]

1. d4 Nf6 2. c4 e6 3. Nc3 Bb4 4. e3 O-O 5. Bd3 d5 6. Nf3 c5 7. O-O cxd4 8. exd4
dxc4 9. Bxc4 b6 10. Bg5 Bb7 11. Rc1 Nbd7 12. Re1 Rc8 13. Bd3 Re8 14. Qe2 Bxc3
15. bxc3 Qc7 16. Ne5 Nxe5 17. dxe5 Qc6 18. Qf1 Nd7 19. Bb5 Qc7 20. Red1 Bc6 21.
Bxc6 Qxc6 22. Rd6 Qc7 23. Qb5 Nf8 24. c4 Ng6 25. Be3 Red8 26. Rcd1 f6 27. f4
fxe5 28. fxe5 Rf8 29. Rd7 Qb8 30. R7d6 Qa8 31. Qb3 Nh4 32. R1d2 Nf5 33. Rd7 Qe4
34. Bf2 Rxc4 35. Rd1 Qf4 36. h3 b5 37. Bxa7 Qxe5 38. Bf2 Re4 39. Qd3 Re2 40.
Rd8 Rxd8 41. Qxd8+ Kf7 42. g4 Rxf2 43. Qd7+ Kf6 44. Kxf2 Qe3+ 45. Kf1 Qxh3+ 46.
Ke1 Qxg4 47. Qd8+ Ke5 48. Qc7+ Ke4 49. Qc6+ Kf4 50. Qxe6 Qg1+ 51. Kd2 Qd4+ 52.
Ke1 Qc3+ 53. Kf2 h5 54. Rf1 Ng3 55. Qd6+ Kg4 56. Qd7+ Kh4 57. Rd1 Qc2+ 58. Kg1
Ne2+ 1/2-1/2

[Event "3MCRV_F"]
[Site "?"]
[Date "2003.??.??"]
[Round "?"]
[White "Kuta, Jiri"]
[Black "Juhasz, Jozef"]
[Result "1-0"]
[WhiteElo "2326"]
[BlackElo "2188"]
[PlyCount "121"]
[EventDate "2003.??.??"]
[EventType "corr"]

1. d4 Nf6 2. c4 e6 3. Nc3 Bb4 4. Qc2 O-O 5. a3 Bxc3+ 6. Qxc3 b6 7. Bg5 Bb7 8.
f3 h6 9. Bh4 d5 10. e3 Nbd7 11. cxd5 exd5 12. Bd3 Re8 13. Ne2 c6 14. O-O Qe7
15. Bf2 c5 16. Rfe1 a6 17. Rac1 Rac8 18. Qd2 c4 19. Bb1 Rcd8 20. Ng3 b5 21. Nf5
Qf8 22. Bg3 Re6 23. Bc7 Ra8 24. Ng3 Nb6 25. e4 Qe7 26. e5 Qxc7 27. exf6 Rxf6
28. Nh5 Rc6 29. Rc3 Rf8 30. Rce3 Bc8 31. g3 Qd6 32. Re7 c3 33. bxc3 Qxa3 34.
Qf4 Nc4 35. Rxf7 Rxf7 36. Re8+ Qf8 37. Rxf8+ Kxf8 38. Qb8 Rxf3 39. Nf4 Rxc3 40.
Bf5 Ne3 41. Ng6+ Rxg6 42. Bxg6 Rc6 43. Bd3 g5 44. h3 Ke8 45. Qe5+ Re6 46. Qg7
Kd8 47. Bg6 g4 48. h4 b4 49. Qxh6 b3 50. Qf8+ Kc7 51. Qf4+ Kb6 52. h5 b2 53.
Bd3 Nc4 54. h6 b1=B 55. Bxc4 dxc4 56. d5 Re1+ 57. Kf2 Rh1 58. Qb8+ Bb7 59. d6
Rd1 60. Qc7+ Ka7 61. d7 1-0

[Event "3MCRV_F"]
[Site "?"]
[Date "2003.??.??"]
[Round "?"]
[White "Pecka, Josef"]
[Black "Hladecek, Miloslav"]
[Result "1-0"]
[WhiteElo "2281"]
[BlackElo "2275"]
[PlyCount "113"]
[EventDate "2003.??.??"]
[EventType "corr"]

1. e4 e5 2. f4 exf4 3. Bc4 Qh4+ 4. Kf1 Nf6 5. Nf3 Qh6 6. Nc3 d6 7. d4 c6 8. Kg1
Be7 9. e5 Ng4 10. exd6 Qxd6 11. Qe2 Bf5 12. Ne4 Qc7 13. h3 Ne3 14. Bxe3 fxe3
15. Qxe3 Nd7 16. Neg5 Bg6 17. Nh4 Nb6 18. Nxg6 Nxc4 19. Qxe7+ Qxe7 20. Nxe7
Kxe7 21. Re1+ Kf6 22. Ne4+ Kg6 23. b3 Nb6 24. h4 Rad8 25. h5+ Kh6 26. g4 f6 27.
c3 Nd5 28. Kf2 Rhe8 29. Kf3 b6 30. c4 Nc7 31. Rd1 Ne6 32. d5 cxd5 33. cxd5 Ng5+
34. Nxg5 fxg5 35. Rc1 Rf8+ 36. Ke4 Rde8+ 37. Kd3 Rf3+ 38. Kc4 Rd8 39. Kd4 Rf4+
40. Ke5 Re8+ 41. Kd6 Rd8+ 42. Ke7 Rxd5 43. Rc6+ Rf6 44. Rxf6+ gxf6 45. Rf1 Re5+
46. Kf8 f5 47. gxf5 g4 48. f6 Rc5 49. f7 Rc8+ 50. Ke7 Kxh5 51. f8=Q Rxf8 52.
Rxf8 Kh4 53. Kf6 h5 54. Kf5 Kg3 55. Kg5 h4 56. Rc8 Kh3 57. Rh8 1-0